Statistics for Flags of Countries with Less Than 100,000 People

Click here to take the quiz!

General Stats

  • This quiz has been taken 1,134 times
  • The average score is 11 of 12

Answer Stats

Answer% Correct
Vatican City
100%
Monaco
97%
San Marino
96%
Andorra
95%
Liechtenstein
91%
Seychelles
91%
Palau
90%
Dominica
85%
Nauru
84%
Tuvalu
83%
Marshall Islands
81%
St. Kitts & Nevis
79%

Score Distribution

Percentile by Number Answered

Percent of People with Each Score

Your Score History

You have not taken this quiz